| 000 | 00701nam a2200181Ia 4500 | ||
|---|---|---|---|
| 008 | 151202s9999||||xx |||||||||||||| ||und|| | ||
| 082 | _bPNVM-45752 | ||
| 100 | _aसावंत पंढरीनाथ. | ||
| 245 | _aविमान बनले कसे ? लढले कसे ?. | ||
| 260 | _b"मनोरमा प्रकाशन, मुंबई." | ||
| 260 | _c2004 | ||
| 300 | _a272 | ||
| 600 | _aसावंत पंढरीनाथ. | ||
| 630 | _aविमान बनले कसे ? लढले कसे ?. | ||
| 700 | _aसावंत पंढरीनाथ. | ||
| 730 | _aविमान बनले कसे ? लढले कसे ?. | ||
| 942 | _cBOOK | ||
| 999 |
_c1311703 _d1311700 |
||